LEADER 01207nam a2200277 u 4500 001 000000061347 003 CaOOAMICUS 005 20070226121020.0 008 010905s2001 it u000 u ita u 020 $a8881853957 035 $a10901433 040 $aPUL(R)$bita 100 1 $aCaputo, Anselmo.$0(OLS)http://pul/name/41877 245 10$aMente intenzionalitą percezione in Edmund Husserl /$cAnselmo Caputo. 260 $aFoggia :$bBastogi,$cstampa 2001. 300 $a170 p. ;$c21 cm 490 1 $aCollana del Centro studi interdisciplinari, Chiavari ;$v7 504 $aBibliografia: p. 161-170 600 14$aHusserl, Edmund,$d1859-1938$xCritica e interpretazione.$0(OLS)http://pul/subject/19387 830 0$aCollana del Centro studi interdisciplinari, Chiavari ;$v7.$0(OLS)http://pul/title/65511 850 $aPUL 852 $aPUL$W1$xSL Religione 1$y3$m74 I 71$j79931$nBK-PRI$b $qStampati$B79931$CPULBib$Z2$F79931 $H $81 941 1 $a8 996 $6020$a8881853957$9(OLS)http://pul/number/79484 996 $6245$aMente intenzionalitą percezione in Edmund Husserl$9(OLS)http://pul/title/81897 996 $6260$aFoggia :$bBastogi$9(OLS)http://pul/publisher/67145 LEADER 01261nam a2200289 u 4500 001 000000074017 003 CaOOAMICUS 005 20070226122420.0 008 021128s1969 it u000 u ita u 035 $a10946369 040 $aPUL$bita 100 1 $aZadra, Dario.$0(OLS)http://pul/name/30038 245 10$aSociologia della religione :$btesti e documenti /$cDario Zedra. 260 $aMilano :$bHoepli,$c1969. 300 $a581 p. ;$c25 cm 490 1 $aLa conoscenza sociologica.$aTesti e documenti 650 4$aReligione e societą.$0(OLS)http://pul/subject/4382 650 4$aReligione$xSociologia.$0(OLS)http://pul/subject/13021 830 3$aLa conoscenza sociologica.$pTesti e documenti.$0(OLS)http://pul/title/61098 850 $aPUL 852 $aPUL$W1$xSL Religione 2$y84$mRH A 67$j95568$nBK-PRI$b $qStampati altre collocazioni$B95568$CPULBib$Z2$F95568 $81 852 $aPUL$W1$xDP1 Fondo G. Barberini$y122$m4 B 22$j115785$nBK-PRI$b 2 copia$qFondi$B180709$CPULBib$Z2$F180709 $HBar996 $81 941 1 $a1 941 1 $a10 961 $aINV: 58409 996 $6245$aSociologia della religione :$btesti e documenti$9(OLS)http://pul/title/97276 996 $6260$aMilano :$bHoepli$9(OLS)http://pul/publisher/49407